The Threat of terrorism /

Bibliographic Details
Other Authors: Lodge, Juliet
Format: Book
Language:English
Published: Boulder, Colo. : Westview Press, 1988.
Subjects:

MARC

Tag First Indicator Second Indicator Subfields
LEADER 00000cam a2200000 a 4500
001 in00000034180
005 20151007055228.0
008 870910s1988 cou b 00100 eng
010 |a  87025414  
020 |a 0813306426 
035 |a (OCoLC)16758887 
035 |9 AAB7633AM 
040 |a DLC  |c DLC  |d TXA  |d UtOrBLW 
043 |a e------ 
049 |a TXAM  |c [A11506228] 
050 0 0 |a HV6431  |b .T58 1988 
082 0 |a 363.3/2/094  |2 19 
245 0 4 |a The Threat of terrorism /  |c edited by Juliet Lodge. 
264 1 |a Boulder, Colo. :  |b Westview Press,  |c 1988. 
300 |a xv, 280 pages ;  |c 22 cm. 
336 |a text  |b txt  |2 rdacontent 
337 |a unmediated  |b n  |2 rdamedia 
338 |a volume  |b nc  |2 rdacarrier 
504 |a Bibliography: pages 265-271. 
500 |a Includes index. 
650 0 |a Terrorism  |z European Economic Community countries  |x Case studies. 
700 1 |a Lodge, Juliet. 
999 |a MARS 
999 f f |s 4b84f832-66e8-3709-88bc-d839c4a83cd9  |i d9d88a92-ce21-3692-85b0-8aae3c876486  |t 0 
952 f f |p ric  |a Texas A&M University  |b Rellis Campus  |c Joint Library Facility  |d Remote Storage  |t 0  |e HV6431 .T58 1988  |h Library of Congress classification  |i unmediated -- volume  |m A14811506228 
998 f f |a HV6431 .T58 1988  |t 0  |l Remote Storage